000 00781nam a2200265 i 4500
001 bg
100 1 _aBAR, Moshe
245 1 0 _aLinux - systemy plików /
_cMoshe Bar ; [tł. Grzegorz Werner].
246 _iTyt. oryg.:
_aLinux file systems
260 _aWarszawa :
_b"RM",
_c2002.
300 _aX, [2], 331 s. ;
_c24 cm +
_eCD-ROM.
500 _aTyt. oryg.: "Linux file systems" 2001.
504 _aBibliogr. Indeks.
650 9 _aLinux
655 _aPodręczniki
700 1 _aWERNER, Grzegorz.
_eTł.
020 _a8372432562
040 _cBPK
041 1 _apol
_heng
080 _a004.451(07)
920 _a83-7243-256-2
942 _cKS
008 s pl f |000 0 pol
999 _c43997
_d43997
856 _uhttp://koha.tu.koszalin.pl/cgi-bin/koha/opac-detail.pl?biblionumber=43997
_yKatalog online BPK